[Event "Montilla"]
[Site "Montilla"]
[Date "1978.??.??"]
[Round "3"]
[White "Hort, Vlastimil"]
[Black "Rivas Pastor, Manuel"]
[Result "1-0"]
[WhiteElo "2620"]
[BlackElo "2200"]
[Annotator "Hort"]
[PlyCount "73"]
[EventDate "1978.08.??"]

{Inf 26/517} 1. d4 d5 2. c4 dxc4 3. Nf3 Nf6 4. Qa4+ Nc6 (4... Nbd7) 5. Nc3 Nd5
$5 6. Qxc4 (6. e4 $6 Nb6 $15) 6... Be6 7. e4 Ndb4 $6 (7... Nb6 $1 8. Qc5 Bd7
$13) 8. d5 Nc2+ 9. Kd1 Nxa1 10. Bd2 $1 Qd6 11. Nb5 Qd7 12. Kc1 g6 (12... O-O-O
13. dxe6 fxe6 14. Be2 a6 15. Nc3 b5 16. Qc5 e5 17. Nxb5 $1 $16) 13. Be2 $1 Bg7
(13... a6 $5) 14. dxe6 fxe6 15. Bc3 $16 Bxc3 16. Qxc3 O-O-O 17. Rd1 Qe8 18.
Nfd4 Kb8 (18... a6 $5 19. Nxc6 $6 Rxd1+ 20. Bxd1 axb5 $13) 19. Nxe6 (19. Nxc7
$2 Nxd4 20. Nxe8 Nxe2+ $19) 19... Rxd1+ 20. Bxd1 Rg8 21. Nbxc7 Qd7 22. Ba4 $1
$18 Kc8 23. b4 Qd6 24. Bxc6 Qxc6 (24... bxc6 25. b5 $1) 25. Qxc6 bxc6 26. Na6
$1 Kd7 27. Nac5+ Kd6 28. Kb2 Rb8 29. a3 a5 30. Kxa1 axb4 31. a4 b3 32. Kb2 g5
33. f3 h6 34. g3 h5 35. h4 gxh4 36. gxh4 $22 Ke5 37. Nd7+ 1-0

[Event "Montilla"]
[Site "Montilla"]
[Date "1978.??.??"]
[Round "2"]
[White "Miles, Anthony J"]
[Black "Spassky, Boris V"]
[Result "1-0"]
[WhiteElo "2565"]
[BlackElo "2630"]
[Annotator "Miles,A"]
[PlyCount "55"]
[EventDate "1978.08.??"]

{Inf 26/609} 1. d4 Nf6 2. Nf3 b6 3. c4 e6 4. Bf4 Bb7 5. e3 Be7 6. h3 O-O 7. Nc3
d5 8. cxd5 exd5 9. Bd3 c5 10. O-O Nc6 11. Ne5 c4 $5 (11... cxd4 12. Nxc6 Bxc6
13. exd4 $14) 12. Bc2 a6 13. g4 b5 14. g5 Ne8 15. Qg4 $14 {|^>>} g6 16. Rad1
Ng7 17. h4 Bb4 $2 (17... b4 18. Ne2 f6 $14) 18. Nd7 $1 Bc8 (18... Bxc3 19. Nf6+
Kh8 20. bxc3 $16) (18... f5 19. gxf6 $16) 19. Nxd5 (19. Nf6+ $2 Qxf6 20. Qxc8
Qe6 $1 $15) 19... Kh8 20. N5f6 Ra7 (20... Be7 21. Be4 $16) (20... Ne8 21. Be5
$16) 21. d5 $1 Ne7 (21... Na5 22. h5 $1 Rxd7 23. Qh4 gxh5 24. Be5 Re7 (24...
Qe7 25. Qe4) 25. Bd4 $1 $18) 22. Be5 $1 (22. h5 $2 Bxd7 23. Qh4 gxh5 $13) 22...
Rxd7 (22... Bxd7 $2 23. Qd4 $18) 23. h5 $1 (23. Nxd7 $2 Qxd7) (23. Qd4 $2 Nc6
$1) 23... Rxd5 (23... Rb7 24. Qf4 $18) 24. Qf4 Rxd1 25. Rxd1 $18 Qa5 (25... Qb6
26. h6 $18) 26. Ne8 $1 f6 (26... Rxe8 27. Qf6 Nef5 (27... Rg8 28. h6 Nef5 29.
Bxf5 Bf8 30. Bxc8 $18) 28. Bxf5 Rxe5 29. h6 Bf8 30. hxg7+ Bxg7 31. Rd8+ $18)
27. gxf6 Kg8 (27... Rxe8 28. f7 $1 Rf8 29. h6 Nef5 30. Qxf5 Bxf5 31. hxg7#) 28.
Nxg7 1-0

[Event "Montilla"]
[Site "Montilla"]
[Date "1978.??.??"]
[Round "5"]
[White "Hort, Vlastimil"]
[Black "Miles, Anthony J"]
[Result "1-0"]
[WhiteElo "2620"]
[BlackElo "2565"]
[Annotator "Hort"]
[PlyCount "57"]
[EventDate "1978.08.??"]

{Inf 26/679} 1. d4 Nf6 2. c4 g6 3. Nc3 d5 4. Nf3 Bg7 5. Bg5 Ne4 6. cxd5 Nxg5 7.
Nxg5 e6 (7... c6 $5) 8. Qd2 (8. Nf3 {- 26/(679)}) 8... exd5 9. Qe3+ Kf8 10. Qf4
Bf6 11. h4 Kg7 (11... h6 $5) 12. e4 dxe4 (12... h6 13. e5 $1 $16) 13. O-O-O (
13. Ncxe4 Qxd4 14. Rd1 Qb4+ $13) (13. Ngxe4 Bxd4 14. O-O-O Nc6 $13) 13... Qd6 (
13... Nc6 14. Bc4 Qd6 15. Qxd6 cxd6 16. Ncxe4 $16) 14. Qxd6 cxd6 15. Ngxe4 $14
Nc6 16. Nxf6 Kxf6 17. Ne4+ Ke7 (17... Kg7 18. Nxd6 Rd8 19. Nb5 a6 20. Nc7 Rb8
21. d5 $16) 18. Bc4 Na5 19. Bd5 Bf5 (19... Be6 20. Bxe6 $1 fxe6 21. d5 $1 $16)
20. b3 Rac8+ (20... Bxe4 $5) 21. Kb2 Nc6 22. Rhe1 $16 Nb4 $2 (22... Rc7 23. Rd2
$16) 23. Nc3+ $1 Kf6 24. Bxb7 Rc7 (24... Nd3+ 25. Rxd3 $18) 25. Be4 $18 Rhc8
26. Bxf5 gxf5 (26... Kxf5 27. Re3) 27. Re3 f4 28. Rf3 Kf5 29. Rd2 1-0

[Event "Montilla"]
[Site "Montilla"]
[Date "1978.??.??"]
[Round "?"]
[White "Visier Segovia, Fernando"]
[Black "Gligoric, Svetozar"]
[Result "0-1"]
[WhiteElo "2360"]
[BlackElo "2565"]
[Annotator "Gligoric"]
[PlyCount "80"]
[EventDate "1978.08.??"]

{Inf 26/681} 1. d4 Nf6 2. c4 g6 3. Nc3 d5 4. Bf4 Bg7 5. e3 O-O 6. Rc1 c5 7.
dxc5 Be6 8. Nf3 Nc6 9. Be2 (9. Nd4 Nxd4 10. exd4 dxc4) 9... Qa5 10. O-O dxc4
11. Ng5 Rfd8 12. Qa4 Qxa4 13. Nxa4 Bd7 14. Bxc4 Be8 15. Bb3 (15. a3 Na5) 15...
Nh5 16. Bg3 Nxg3 17. hxg3 Ne5 18. Rfd1 h6 19. Rxd8 Rxd8 20. Nf3 Nxf3+ 21. gxf3
Rc8 $11 22. Bd1 $2 (22. Bc2 Bxa4 23. Bxa4 Bxb2 24. Rb1 Ba3 25. Rxb7 Bxc5 $11)
22... b5 $17 23. Nc3 Rxc5 24. a3 a5 25. Be2 b4 26. axb4 axb4 27. Na2 Rxc1+ 28.
Nxc1 Bxb2 29. Nb3 Bc6 30. e4 e5 $1 31. Kf1 Kf8 32. Bc4 Ke7 33. Ke2 h5 $1 34.
Ke3 g5 35. f4 exf4+ 36. gxf4 g4 $19 37. f5 f6 38. Bf1 Ba4 39. Nc5 Bc1+ 40. Kd4
Bd1 0-1

[Event "Montilla"]
[Site "Montilla"]
[Date "1978.??.??"]
[Round "2"]
[White "Rivas Pastor, Manuel"]
[Black "Ciocaltea, Victor"]
[Result "1/2-1/2"]
[WhiteElo "2200"]
[BlackElo "2455"]
[PlyCount "59"]
[EventDate "1978.08.??"]

1. e4 g6 2. d4 c6 3. Nf3 Bg7 4. Nc3 d6 5. a4 a5 6. Be2 Nf6 7. O-O O-O 8. h3 Na6
9. Bg5 d5 10. e5 Ne8 11. Qd2 f6 12. Bh6 Nac7 13. Bxg7 Kxg7 14. Nh2 Ne6 15. f4
Qb6 16. Rad1 fxe5 17. fxe5 Rxf1+ 18. Bxf1 Kh8 19. Ne2 N8g7 20. c3 Bd7 21. Ng3
c5 22. Nf3 cxd4 23. cxd4 Bxa4 24. Ra1 Bb5 25. Kh2 Bxf1 26. Rxf1 Rf8 27. Ra1 Nf4
28. Rxa5 Nge6 29. Ra1 Kg7 30. Rf1 1/2-1/2

[Event "Montilla"]
[Site "Montilla"]
[Date "1978.??.??"]
[Round "4"]
[White "Rivas Pastor, Manuel"]
[Black "Bellon Lopez, Juan Manuel"]
[Result "0-1"]
[WhiteElo "2200"]
[BlackElo "2350"]
[PlyCount "68"]
[EventDate "1978.08.??"]

1. e4 c6 2. d4 d5 3. exd5 cxd5 4. c4 Nf6 5. Nc3 Nc6 6. Nf3 Bg4 7. Be3 e6 8. Qb3
Bxf3 9. gxf3 Qd7 10. cxd5 Nxd5 11. Nxd5 Qxd5 12. O-O-O Qxb3 13. axb3 O-O-O 14.
Rg1 g6 15. Bc4 Nb4 16. Bg5 Rd7 17. Bf6 Rg8 18. f4 Bg7 19. Be5 Bxe5 20. dxe5
Rgd8 21. Rxd7 Kxd7 22. Rd1+ Ke7 23. Rxd8 Kxd8 24. Kd2 Nd5 25. Bxd5 exd5 26. Ke3
Kd7 27. Kd4 Ke6 28. b4 a6 29. f5+ Kxf5 30. Kxd5 b5 31. Kd6 g5 32. Ke7 Kxe5 33.
Kxf7 Kf4 34. Kf6 g4 0-1

[Event "Montilla"]
[Site "Montilla"]
[Date "1978.??.??"]
[Round "6"]
[White "Sanz Alonso, Francisco Javier"]
[Black "Rivas Pastor, Manuel"]
[Result "1/2-1/2"]
[WhiteElo "2330"]
[BlackElo "2200"]
[PlyCount "37"]
[EventDate "1978.08.??"]

1. e4 b6 2. d4 Bb7 3. Nd2 e6 4. Ngf3 Nf6 5. Bd3 d5 6. exd5 Qxd5 7. O-O Be7 8.
Re1 Qd8 9. Qe2 O-O 10. Ne4 Nbd7 11. Bf4 Qc8 12. Rad1 Nxe4 13. Bxe4 Nf6 14. Bd3
c5 15. c4 cxd4 16. Nxd4 Rd8 17. Be5 g6 18. Nf3 Nd7 19. Bc3 1/2-1/2

[Event "Montilla"]
[Site "Montilla"]
[Date "1978.??.??"]
[Round "7"]
[White "Rivas Pastor, Manuel"]
[Black "Visier Segovia, Fernando"]
[Result "1/2-1/2"]
[WhiteElo "2200"]
[BlackElo "2360"]
[PlyCount "83"]
[EventDate "1978.08.??"]

1. e4 c5 2. Nf3 e6 3. c3 Nf6 4. e5 Nd5 5. d4 cxd4 6. cxd4 d6 7. a3 dxe5 8. dxe5
Bd7 9. Bd3 Bc6 10. O-O Nd7 11. b4 a6 12. Bd2 Rc8 13. Qe2 Be7 14. Rc1 O-O 15.
Nc3 Nxc3 16. Rxc3 Bxf3 17. gxf3 Rxc3 18. Bxc3 Nb6 19. Rd1 Nd5 20. Bb2 g6 21.
Be4 Qd7 22. f4 Rd8 23. Qf3 Qb5 24. h3 a5 25. f5 gxf5 26. Bd3 Qc6 27. Kh2 Kh8
28. b5 Qc5 29. Rc1 Qb6 30. Rg1 Rg8 31. a4 Rg6 32. Rc1 Kg7 33. Rc4 Bc5 34. Bxf5
Rg5 35. Rg4 Rxg4 36. Qxg4+ Kf8 37. Bxh7 Bxf2 38. Ba3+ Nb4 39. Bc1 Be3 40. Qg8+
Ke7 41. Bxe3 Qxe3 42. Qb8 1/2-1/2